[Event "It (open)"]
[Site "masterchessopen.com Joensuu (Finland)"]
[Round "1"]
[White "Pirttilahti Janne (FIN)"]
[Black "Jouhki Yrjo Markus (FIN)"]
[Result "0-1"]
[WhiteElo "2127"]
[BlackElo "2282"]

1.d4 Nf6 2.c4 e6 3.Nc3 Bb4 4.Bg5 h6 5.Bh4 c5 6.d5 d6 7.Rc1 e5 8.a3 Bxc3+
9.Rxc3 g5 10.Bg3 Ne4 11.Re3 Qa5+ 12.b4 cxb4 13.Rxe4 bxa3+ 14.Qd2 Qxd2+ 15.Kxd2
a2 16.Rxe5+ Kd8 {#R} 0-1

[Event "Ch Croatia (team) (2nd league)"]
[Site "masterchessopen.com Pula (Croatia)"]
[Round "2"]
[White "Glavas Dragan (CRO)"]
[Black "Juric Goran (CRO)"]
[Result "1-0"]
[WhiteElo "2304"]
[BlackElo "2313"]

1.d4 Nf6 2.c4 e6 3.Nc3 Bb4 4.Bg5 c5 5.d5 h6 6.Bh4 d6 7.e3 e5 8.Qc2 g5 9.Bg3
Qa5 10.Bd3 Bd7 11.Ne2 b5 12.cxb5 Bxb5 13.Bxb5+ Qxb5 14.O-O Bxc3 15.Nxc3 Qc4
16.b3 Qg4 17.f3 Qb4 18.f4 Ng4 19.Qf5 Nd7 20.Ne4 Nxe3 21.Nxd6+ Kd8 22.Nxf7+ Kc7
23.Qe6 Qb6 24.Rf3 gxf4 25.Rxe3 fxg3 26.Nxh8 gxh2+ 27.Kh1 Rxh8 28.Rxe5 Rf8
29.Rh5 Rf6 30.Qxb6+ axb6 31.Re1 Nf8 32.Kxh2 b5 33.Re7+ Kb6 34.Re4 Rd6 35.Rf5
Rd8 36.Rf6+ Ka5 37.d6 Nd7 38.Rxh6 Nb6 39.Re5 Nd7 40.Rd5 Kb4 41.Rh4+ c4 42.a4
Kxb3 43.Rxb5+ Kc3 44.a5 Kd3 45.Rd5+ Kc3 46.Rdd4 {#r} 1-0

[Event "Ch Brazil"]
[Site "masterchessopen.com Teresina (Brazil)"]
[Round "9"]
[White "Caldeira Adriano (BRA)"]
[Black "Vescovi Giovanni (BRA)"]
[Result "0-1"]
[WhiteElo "2304"]
[BlackElo "2526"]

1.d4 Nf6 2.c4 e6 3.Nc3 Bb4 4.Bg5 c5 5.d5 h6 6.Bh4 d6 7.e3 Bxc3+ 8.bxc3 Qe7
9.Nf3 e5 10.Qc2 Nbd7 11.Nd2 g5 12.Bg3 Kd8 13.Bd3 Re8 14.f3 Kc7 15.O-O-O Nb6
16.h4 Bd7 17.hxg5 hxg5 18.Rdf1 Rh8 19.Qd1 Na4 20.Qc2 a6 21.Bf2 g4 22.Bh4 Rxh4
23.Rxh4 Nxd5 24.cxd5 Qxh4 25.fxg4 Rf8 26.Bf5 Bxf5 27.gxf5 Rg8 28.c4 Nb6 29.Qd1
Rxg2 30.Rh1 Qf2 31.Qe1 Qxf5 32.Rf1 Qd3 33.Rxf7+ Kb8 34.Rf2 Rxf2 35.Qxf2 Nxc4
{#R} 0-1

[Event "It (open)"]
[Site "masterchessopen.com Bethune (France)"]
[Round "6"]
[White "Frank Albert (BEL)"]
[Black "Eliet Nicolas (FRA)"]
[Result "0-1"]
[WhiteElo "2019"]
[BlackElo "2382"]

1.d4 Nf6 2.c4 e6 3.Nc3 Bb4 4.Bg5 h6 5.Bh4 c5 6.d5 d6 7.f3 Bxc3+ 8.bxc3 Qe7
9.e4 Nbd7 10.Ne2 e5 11.Nc1 Nf8 12.Bd3 Ng6 13.Bg3 Nh5 14.Qd2 O-O 15.Ne2 f5
16.exf5 Bxf5 17.Bxf5 Rxf5 18.O-O-O Nhf4 19.Nxf4 exf4 20.Bf2 Ne5 21.h4 Qd7
22.Qe2 Raf8 23.g4 fxg3 24.Bxg3 Qa4 25.Bxe5 Rxe5 26.Qd2 Qxc4 27.Rhg1 Re2 28.Rg4
Rxd2 29.Rxc4 Rxd1+ 30.Kxd1 Rxf3 31.Ke2 Rf5 {#R} 0-1

[Event "Cup Yugoslavia (team)"]
[Site "masterchessopen.com Herceg Novi (Montenegro)"]
[Round "2"]
[White "Djukic Zeljko (SRB)"]
[Black "Pavlovic Milos (SRB)"]
[Result "1-0"]
[WhiteElo "2407"]
[BlackElo "2488"]

1.d4 Nf6 2.c4 e6 3.Nc3 Bb4 4.Bg5 h6 5.Bh4 c5 6.d5 d6 7.e3 Bxc3+ 8.bxc3 e5 9.f3
Nbd7 10.Bd3 Qe7 11.e4 g5 12.Bf2 Nh5 13.g3 Ndf6 14.h3 Bd7 15.a4 O-O-O 16.a5 Kb8
17.Ne2 Bc8 18.Nc1 Nd7 19.Kd2 Ng7 20.Be3 h5 21.h4 f6 22.Qa4 gxh4 23.gxh4 f5
24.a6 b6 25.Nb3 Nf6 26.Na5 Bd7 27.Qc6 Be8 28.Bg5 Rf8 29.Rhg1 Rf7 30.Qb7+ Qxb7
31.Nxb7 Rdd7 32.Rg2 Kc7 33.Rag1 Ng8 34.Bd8+ Kc8 35.Nxd6+ Rxd6 36.Rxg7 Rxg7
37.Rxg7 Kxd8 38.Rxa7 {#r} 1-0

[Event "It (cat.12)"]
[Site "masterchessopen.com Kladovo (Yugoslavia)"]
[Round "7"]
[White "Rajkovic Dusan (SRB)"]
[Black "Crisan Alexandru (ROM)"]
[Result "0-1"]
[WhiteElo "2518"]
[BlackElo "2588"]

1.d4 Nf6 2.c4 e6 3.Nc3 Bb4 4.Bg5 c5 5.d5 h6 6.Bh4 d6 7.f3 Bxc3+ 8.bxc3 e5 9.e4
Nbd7 10.Bd3 Nf8 11.Ne2 g5 12.Bf2 Ng6 13.g3 Bh3 14.Rg1 Nh5 15.Nc1 Qf6 16.f4
exf4 17.Qxh5 Qxc3+ 18.Kd1 Ne5 19.Qxh3 Nxd3 20.Nxd3 Qxd3+ 21.Kc1 Qc3+ 22.Kb1
Qd3+ 23.Kc1 Qxc4+ 24.Kd2 Qb4+ 25.Kd3 Qb2 26.Rgf1 b5 27.e5 c4+ 28.Ke4 Qxe5+
{#R} 0-1

[Event "It (open)"]
[Site "masterchessopen.com Linares (Spain)"]
[Round "1"]
[White "Gokhale Chandrashekhar (IND)"]
[Black "Kacheishvili Giorgi (GEO)"]
[Result "0-1"]
[WhiteElo "2407"]
[BlackElo "2583"]

1.d4 Nf6 2.c4 e6 3.Nc3 Bb4 4.Bg5 c5 5.d5 h6 6.Bh4 d6 7.e3 Qe7 8.Nf3 Bxc3+
9.bxc3 Nbd7 10.Qc2 e5 11.Nd2 g5 12.Bg3 e4 13.h4 Rg8 14.Be2 Kd8 15.Rb1 Kc7
16.Rb5 b6 17.Rb2 Nf8 18.Qb3 Ng6 19.hxg5 hxg5 20.a4 Bd7 21.a5 Rgb8 22.Qa3 Bg4
23.Rb5 Bxe2 24.Kxe2 Qd7 25.Rhb1 Qg4+ 26.Ke1 Nd7 27.Qb3 f5 28.Qd1 Qxd1+ 29.Kxd1
Rh8 30.f3 f4 31.Bf2 exf3 32.Nxf3 g4 33.Ng5 Rh2 34.Ne6+ Kb7 35.a6+ Kxa6 36.Nc7+
Kb7 37.Nxa8 Rxg2 38.Be1 f3 {#R} 0-1

[Event "Ch Galiza"]
[Site "masterchessopen.com Padrun (Spain)"]
[Round "7"]
[White "Patino Romaris Juan Roberto (ESP)"]
[Black "Garcia Carbo Marcial (ESP)"]
[Result "0-1"]
[WhiteElo "2248"]
[BlackElo "2354"]

1.d4 Nf6 2.c4 e6 3.Nc3 Bb4 4.Bg5 h6 5.Bh4 c5 6.d5 d6 7.f3 exd5 8.cxd5 Nbd7
9.e4 O-O 10.a3 Ba5 11.Bb5 Qb6 12.Bxd7 Qxb2 13.Bxf6 gxf6 14.Kf1 Bxd7 15.Nce2
Ba4 16.Qc1 Qxc1+ 17.Nxc1 f5 18.exf5 Rfe8 19.Nge2 Re5 20.Kf2 Rxd5 21.Nf4 Rxf5
22.Nce2 d5 23.g4 Re5 24.h4 c4 25.Ng3 d4 26.Nf5 d3 27.Nxh6+ Kf8 28.Nf5 d2 29.h5
c3 30.h6 Rxf5 {#R} 0-1

[Event "It (open)"]
[Site "masterchessopen.com Pardubice (Czech Republic)"]
[Round "9"]
[White "Kubala Martin (CZE)"]
[Black "Berezjuk Sergej (CZE)"]
[Result "1-0"]
[WhiteElo "2359"]
[BlackElo "2425"]

1.d4 Nf6 2.c4 e6 3.Nc3 Bb4 4.Bg5 h6 5.Bh4 c5 6.d5 d6 7.e3 Bxc3+ 8.bxc3 e5
9.Qc2 Qe7 10.Nf3 Nbd7 11.Nd2 g5 12.Bg3 Nh5 13.Bd3 Ndf6 14.O-O-O Bd7 15.f4 Nxg3
16.hxg3 O-O-O 17.f5 e4 18.Bxe4 Rde8 19.Bf3 g4 20.e4 Qe5 21.Nf1 Nxe4 22.Bxe4
Qxe4 23.Qxe4 Rxe4 24.Nd2 Re3 25.Rdf1 Rxc3+ 26.Kb1 Kc7 27.Rf2 b5 28.Ne4 Re3
29.Nf6 bxc4 30.Nxg4 Rxg3 31.Nf6 Rhg8 32.Ka1 c3 33.Rxh6 Rd3 34.Rh1 Bxf5 35.Rxf5
c2 36.Rff1 Rh8 37.Rhg1 Rh2 38.Kb2 Rxg2 39.Rxg2 Rd1 40.Ne8+ Kd7 41.Rxf7+ Kxe8
42.Kxc2 {#r} 1-0

[Event "It (open)"]
[Site "masterchessopen.com Pula (Croatia)"]
[Round "3"]
[White "Glavas Dragan (CRO)"]
[Black "Polak Tomas (CZE)"]
[Result "0-1"]
[WhiteElo "2291"]
[BlackElo "2478"]

1.d4 Nf6 2.c4 e6 3.Nc3 Bb4 4.Bg5 h6 5.Bh4 c5 6.d5 d6 7.e3 Bxc3+ 8.bxc3 e5
9.Qc2 Qe7 10.Nf3 Nbd7 11.Nd2 g5 12.Bg3 e4 13.Be2 Kd8 14.h4 Re8 15.hxg5 hxg5
16.O-O-O Ne5 17.Rh6 Bf5 18.Rdh1 Bg6 19.Kb2 Kc7 20.Ka1 Qd7 21.Qb3 b6 22.Qa3
Nfg4 23.R6h3 Nd3 24.Rf1 Reb8 25.Bd1 a6 26.Ba4 Qe7 27.Bc2 Kb7 28.Qa4 Ka7
29.Bxd3 exd3 30.Qc6 Ne5 31.Bxe5 Qxe5 32.Rc1 Rb7 33.a4 Rab8 34.Rh6 Qe7 35.a5 b5
36.cxb5 axb5 {#R} 0-1

[Event "It \"]
[Site "masterchessopen.com Mehlingen (Germany)"]
[Date "2001.06.14"]
[Round "3"]
[White "Gnichtel Gerd (GER)"]
[Black "Fischer Gerd (GER)"]
[Result "1-0"]
[WhiteElo "2193"]
[BlackElo "2203"]

1.d4 Nf6 2.c4 e6 3.Nc3 Bb4 4.Bg5 h6 5.Bh4 c5 6.d5 d6 7.e3 Bxc3+ 8.bxc3 e5
9.Bd3 Nbd7 10.Ne2 Qe7 11.Ng3 Qf8 12.f4 g5 13.fxg5 hxg5 14.Bxg5 Qg7 15.h4 e4
16.Nf5 Qg6 17.Nxd6+ Kf8 18.Be2 Nh5 19.Nxc8 Rxc8 20.Bg4 {#r} 1-0

[Event "Tournament"]
[Site "masterchessopen.com Berlin (Germany)"]
[Round "8"]
[White "Gottschalk Jens (GER)"]
[Black "Zentgraf Robert (GER)"]
[Result "1-0"]
[WhiteElo "2180"]
[BlackElo "2109"]

1.d4 Nf6 2.c4 e6 3.Nc3 Bb4 4.Bg5 h6 5.Bh4 c5 6.d5 d6 7.e3 g5 8.Bg3 Ne4 9.Qc2
Qa5 10.Ne2 exd5 11.cxd5 Bf5 12.Qc1 Nd7 13.f3 Nxg3 14.Nxg3 Bg6 15.Be2 Nb6
16.O-O Bxc3 17.bxc3 O-O 18.e4 Nd7 19.f4 f6 20.Bg4 Qc7 21.fxg5 hxg5 22.h4 c4
23.hxg5 Qc5+ 24.Kh1 Ne5 25.Be6+ Kg7 26.gxf6+ Rxf6 27.Rxf6 Rh8+ 28.Bh3 Kxf6
29.Qf4+ Kg7 30.Rf1 Nd3 31.Qf6+ Kh7 32.Nf5 Bxf5 33.Qxf5+ Kh6 34.Qf6+ Kh7
35.Qf7+ Kh6 36.Rf6+ Kg5 37.Qg6+ {#r} 1-0

[Event "Ch Uruguay"]
[Site "masterchessopen.com Montevideo (Uruguay)"]
[Round "6"]
[White "Sosa Macho Juan Manu (URU)"]
[Black "Crosa Martin (URU)"]
[Result "0-1"]
[WhiteElo "2218"]
[BlackElo "2446"]

1.d4 Nf6 2.c4 e6 3.Nc3 Bb4 4.Bg5 c5 5.d5 h6 6.Bh4 d6 7.e3 Bxc3+ 8.bxc3 e5
9.Bd3 Qe7 10.f3 Kd8 11.Ne2 Kc7 12.Qc2 Rf8 13.Rb1 Nbd7 14.a4 g5 15.Bg3 Nh5
16.Bf2 Ndf6 17.g4 e4 18.gxh5 exd3 19.Qxd3 Nxh5 20.Kd2 f5 21.Ng3 Ng7 22.f4 a5
23.Rb2 Rb8 24.Kc2 Bd7 25.Kb3 Qe8 26.Ra2 Ra8 27.h4 g4 28.Qc2 Nh5 29.Nxh5 Qxh5
30.Bg3 Rfe8 31.Re1 Re4 32.Ka3 b6 33.Qb3 Qe8 34.Rb2 Rb8 35.Rbe2 Qf8 {#R} 0-1

[Event "It (open)"]
[Site "masterchessopen.com Nikea (Greece)"]
[Round "5"]
[White "Katsiris Ioannis (GRE)"]
[Black "Volfson Michail (GRE)"]
[Result "1-0"]
[WhiteElo "2114"]
[BlackElo "2191"]

1.d4 Nf6 2.c4 e6 3.Nc3 Bb4 4.Bg5 h6 5.Bh4 c5 6.d5 d6 7.e3 Bxc3+ 8.bxc3 e5 9.f3
Qe7 10.Bd3 Nbd7 11.Qc2 g5 12.Bg3 Nh5 13.Ne2 Ndf6 14.Bf5 Bxf5 15.Qxf5 Ng7
16.Qc2 Qd7 17.O-O O-O 18.f4 exf4 19.exf4 g4 20.Bh4 Ngh5 21.f5 Qe7 22.Rae1 Qd8
23.Nf4 Nxf4 24.Rxf4 h5 25.Rfe4 Kh7 26.Re7 Kg7 27.Qd2 {#r} 1-0

[Event "Ch Russia (w) (1 liga)"]
[Site "masterchessopen.com Serpukhov (Russia)"]
[Round "2"]
[White "Guseva Olga (RUS)"]
[Black "Zaiatz Elena (RUS)"]
[Result "0-1"]
[WhiteElo "2184"]
[BlackElo "2331"]

1.d4 Nf6 2.c4 e6 3.Nc3 Bb4 4.Bg5 c5 5.d5 h6 6.Bh4 d6 7.Qc2 Qe7 8.Rd1 g5 9.Bg3
e5 10.e3 Nbd7 11.Nf3 Nf8 12.Nd2 Bxc3 13.bxc3 Nh5 14.Bd3 Ng7 15.O-O f5 16.f4 e4
17.Nxe4 fxe4 18.Bxe4 Bg4 19.Rb1 O-O-O 20.h3 Bd7 21.fxg5 Nh5 22.Bh2 hxg5
23.Rxb7 Kxb7 24.Qb2+ Kc7 25.Rb1 Rc8 26.Qb7+ Kd8 27.Bf3 g4 {#R} 0-1

[Event "Ch Vietnam"]
[Site "masterchessopen.com Vung Tau (Vietnam)"]
[Round "10"]
[White "Pham Minh Hoang (VIE)"]
[Black "Ngo Ngoc Quang (VIE)"]
[Result "1-0"]
[WhiteElo "2357"]
[BlackElo "2325"]

1.d4 Nf6 2.c4 e6 3.Nc3 Bb4 4.Bg5 h6 5.Bh4 c5 6.d5 d6 7.e3 exd5 8.cxd5 Bf5
9.Bd3 Bxd3 10.Qxd3 Nbd7 11.Ne2 Ne5 12.Qf5 Qd7 13.Qxd7+ Nfxd7 14.O-O Bxc3
15.Nxc3 Nb6 16.Bg3 f6 17.f4 Nf7 18.e4 O-O-O 19.Bf2 Rhe8 20.Rfe1 Nd7 21.g3 Re7
22.Kg2 Rde8 23.Kf3 a6 24.a4 a5 25.Re2 Nh8 26.h4 Nf7 27.h5 f5 28.exf5 Rxe2
29.Nxe2 Nf6 30.Nc3 Nxh5 31.Ne4 Kd7 32.Rh1 Rxe4 33.Kxe4 Nf6+ 34.Kf3 Nxd5 35.Be1
b6 36.Bc3 Nxc3 37.bxc3 d5 38.g4 Nd6 39.f6 {#r} 1-0

[Event "Ch Georgia (w) (1/2 final)"]
[Site "masterchessopen.com Tbilisi (Georgia)"]
[Date "2002.02.26"]
[Round "8"]
[White "Gavasheli Ana (GEO)"]
[Black "Kvaratskhelia Natia (GEO)"]
[Result "0-1"]
[WhiteElo "2095"]
[BlackElo "2055"]

1.d4 Nf6 2.c4 e6 3.Nc3 Bb4 4.Bg5 h6 5.Bh4 c5 6.d5 d6 7.e3 Bxc3+ 8.bxc3 Qe7
9.Ne2 e5 10.Bxf6 Qxf6 11.Ng3 Qe7 12.Bd3 g6 13.h4 f5 14.f3 e4 15.fxe4 Qe5
16.Ne2 fxe4 17.Bc2 Bg4 18.Kd2 Nd7 19.Ba4 O-O-O 20.Bxd7+ Rxd7 21.Rf1 Qh2 22.Rf2
Qxh4 23.Rf4 Qg5 24.Qf1 Bf5 25.Qf2 Re7 26.Ng3 Re5 27.Rf1 Rg8 28.Kc2 h5 29.Rh1
Rge8 30.Rf1 Bd7 31.Kb3 Qd8 32.Qe2 h4 33.Nh1 g5 34.Rf7 Qb6+ 35.Kc2 Qa6 36.Kb2
b6 37.Kc2 Qa5 38.Kb2 b5 39.Rh7 R5e7 40.Rxe7 Rxe7 41.Rf8+ Re8 42.Rxe8+ Bxe8
43.Nf2 Bg6 {#R} 0-1

[Event "It (open)"]
[Site "masterchessopen.com Abudhabi (United Arab Emirates)"]
[Round "5"]
[White "Gokhale Chandrashekhar (IND)"]
[Black "Kunte Abhijit (IND)"]
[Result "0-1"]
[WhiteElo "2407"]
[BlackElo "2550"]

1.d4 Nf6 2.c4 e6 3.Nc3 Bb4 4.Bg5 c5 5.d5 h6 6.Bh4 d6 7.e3 Qe7 8.Nf3 Nbd7 9.Qc2
Nb6 10.Rd1 e5 11.Nd2 Bxc3 12.Qxc3 Nfxd5 13.cxd5 Qxh4 14.Bb5+ Bd7 15.Bxd7+ Nxd7
16.Nc4 Qe7 17.Qa5 b6 18.Qa4 O-O 19.Qc6 Rad8 20.Qxd6 Qh4 21.b3 b5 22.Nxe5 Qb4+
23.Kf1 Nf6 24.Qc6 Qe4 25.Nd3 Rxd5 26.Ke2 c4 {#R} 0-1

[Event "Ch India"]
[Site "masterchessopen.com Calicut (India)"]
[Round "16"]
[White "Sundararajan Kidambi (IND)"]
[Black "Satyapragyan Swayangsu (IND)"]
[Result "1-0"]
[WhiteElo "2476"]
[BlackElo "2370"]

1.d4 Nf6 2.c4 e6 3.Nc3 Bb4 4.Bg5 h6 5.Bh4 c5 6.d5 d6 7.e3 Bxc3+ 8.bxc3 e5
9.Nf3 Qe7 10.Nd2 Nbd7 11.Bd3 g5 12.Bg3 e4 13.Bc2 Kd8 14.Rb1 Kc7 15.h4 Re8
16.Rb2 Ne5 17.Qb1 b6 18.a4 Ba6 19.a5 Reb8 20.Qa2 g4 21.O-O Nh5 22.Bxe5 Qxe5
23.Qa4 Qe8 24.Qxe8 Rxe8 25.axb6+ axb6 26.Rfb1 Rab8 27.Ra1 Bb7 28.Nxe4 f5
29.Nxd6 Kxd6 30.Rxb6+ Kc7 31.Rab1 Red8 32.Bxf5 Ng7 33.Bxg4 h5 34.Bf3 Nf5
35.R6b5 Nxh4 36.d6+ Rxd6 37.Rxb7+ Rxb7 38.Rxb7+ Kc8 39.Rh7 {#r} 1-0

[Event "Ch NATO"]
[Site "masterchessopen.com Hoevelte (Denmark)"]
[Round "5"]
[White "Krainski Slawomir (POL)"]
[Black "Hammond Andrew JC (ENG)"]
[Result "1-0"]
[WhiteElo "2191"]
[BlackElo "2213"]

1.d4 Nf6 2.c4 e6 3.Nc3 Bb4 4.Bg5 h6 5.Bh4 c5 6.d5 d6 7.e3 exd5 8.cxd5 Nbd7
9.Bb5 Qa5 10.Bxd7+ Nxd7 11.Ne2 Ne5 12.O-O Bf5 13.e4 Bg4 14.f3 Bd7 15.a3 Bxc3
16.Nxc3 Qb6 17.Qe2 O-O 18.Bf2 Qa6 19.Qxa6 bxa6 20.b4 cxb4 21.axb4 Rfc8 22.Bd4
Rab8 23.Rxa6 Rxb4 24.Bxe5 dxe5 25.Rxa7 Rxc3 26.Rxd7 Rc2 27.Kh1 Rbb2 28.Rg1 Kf8
29.h4 g5 30.hxg5 hxg5 31.Kh2 g4 32.fxg4 Rf2 33.Kh3 Kg7 34.Kh4 Rf4 35.Re7 Kf6
36.Ra7 Rb8 37.Ra6+ Kg7 38.Ra4 Rb6 39.Rd1 f5 {#r} 1-0

[Event "It (open)"]
[Site "masterchessopen.com Nisa (Yugoslavia)"]
[Round "2"]
[White "Djukic Stevan (SRB)"]
[Black "Zivic Dragan (SRB)"]
[Result "1-0"]
[WhiteElo "2171"]
[BlackElo "2286"]

1.d4 Nf6 2.c4 e6 3.Nc3 Bb4 4.Bg5 h6 5.Bh4 c5 6.d5 d6 7.e3 Bxc3+ 8.bxc3 e5
9.Nf3 Qe7 10.Qc2 Nbd7 11.Nd2 g5 12.Bg3 Kd8 13.f3 Kc7 14.e4 Nf8 15.Bf2 Ng6
16.h3 Bd7 17.Be3 Nh5 18.Kf2 Raf8 19.g3 f5 20.exf5 Bxf5 21.Bd3 e4 22.Bxe4 Bxe4
23.Qxe4 Ne5 24.Kg2 Nf6 25.Qc2 Nxf3 26.Nxf3 Qxe3 27.Rhe1 Ng4 28.Qe2 Re8 29.Qf1
Qxe1 30.Rxe1 Ne3+ 31.Rxe3 Rxe3 32.Ng1 Rhe8 33.Qf6 R8e5 34.Qg7+ Re7 35.Qxh6 g4
36.hxg4 Rxc3 37.g5 Ree3 38.Qh4 Rc2+ 39.Kh3 Rc1 40.Qf4 Ree1 41.Nf3 {#r} 1-0

[Event "It (open)"]
[Site "masterchessopen.com Vienna (Austria)"]
[Round "7"]
[White "Marchand Erick (FRA)"]
[Black "Richter Michael (GER)"]
[Result "0-1"]
[WhiteElo "2217"]
[BlackElo "2410"]

1.d4 Nf6 2.c4 e6 3.Nc3 Bb4 4.Bg5 c5 5.d5 h6 6.Bh4 d6 7.e3 O-O 8.Bd3 exd5
9.cxd5 Nbd7 10.Ne2 a6 11.O-O b5 12.Rc1 Bxc3 13.Nxc3 b4 14.Ne4 g5 15.Nxf6+ Nxf6
16.Bg3 Qe7 17.e4 Re8 18.h3 Bb7 19.e5 dxe5 20.d6 Qe6 21.Rxc5 Bd5 22.d7 Qxd7
23.Re1 e4 24.Rc7 Qe6 25.Bf1 Bxa2 26.Qd4 Rad8 27.Qa7 Ra8 28.Qc5 a5 29.Rc6 Qd5
30.Qc1 Re6 31.Rc5 Qb7 32.Rd1 a4 33.h4 e3 34.hxg5 Ne4 35.Qxe3 Qb6 36.g6 Qxc5
37.gxf7+ Kg7 38.Qf4 Rf8 39.Rd7 {#R} 0-1

[Event "It \"]
[Site "masterchessopen.com Montreal (Canada)"]
[Round "1"]
[White "Charbonneau Anne Marie (CAN)"]
[Black "Livshits Ron (CAN)"]
[Result "0-1"]
[WhiteElo "2018"]
[BlackElo "2364"]

1.d4 Nf6 2.c4 e6 3.Nc3 Bb4 4.Bg5 h6 5.Bh4 c5 6.d5 d6 7.e3 Bxc3+ 8.bxc3 Qe7
9.dxe6 Bxe6 10.Nf3 Nc6 11.Be2 g5 12.Bg3 Ne4 13.Rc1 O-O-O 14.Bd3 Bf5 15.Qc2 Bg6
16.Nd2 Rhe8 17.Nxe4 Bxe4 18.O-O h5 19.h3 h4 20.Bh2 f5 21.Rfd1 g4 22.hxg4 h3
23.Bxe4 fxe4 24.Qe2 hxg2 25.Kxg2 Rg8 26.Rg1 Rg6 27.Kf1 Rf8 28.Bf4 Ne5 29.Bxe5
Qxe5 30.a4 Rgf6 31.Rg2 Rh6 32.Ke1 d5 33.Kd2 d4 34.cxd4 cxd4 35.exd4 Qxd4+
36.Kc2 Rb6 37.Rb1 Qd3+ 38.Qxd3 exd3+ 39.Kc1 d2+ {#R} 0-1

[Event "It \"]
[Site "masterchessopen.com Connecticut (USA)"]
[Date "2004.04.09"]
[Round "4"]
[White "Cherniack Alex (USA)"]
[Black "Stein Alan (USA)"]
[Result "0-1"]
[WhiteElo "2232"]
[BlackElo "2362"]

1.d4 Nf6 2.c4 e6 3.Nc3 Bb4 4.Bg5 c5 5.d5 h6 6.Bh4 d6 7.e3 Bxc3+ 8.bxc3 e5
9.Qc2 Nbd7 10.Bd3 Qe7 11.f3 g5 12.Bg3 Nh5 13.Ne2 Ndf6 14.Bf2 e4 15.fxe4 Ng4
16.O-O Qe5 17.g3 Nhf6 18.Nd4 cxd4 19.exd4 Qe7 20.h3 Nxf2 21.Qxf2 Nh5 22.Kh2 g4
23.e5 O-O 24.Qe3 Qg5 25.Qxg5+ hxg5 26.Be2 dxe5 27.dxe5 Ng7 28.Rae1 gxh3 29.g4
b6 30.Bd3 Ne8 31.Kxh3 Ng7 32.Kg3 Bd7 33.Rh1 Rab8 34.Rh8+ Kxh8 35.Rh1+ Kg8 {#R}
0-1

[Event "It (open)"]
[Site "masterchessopen.com Oberwart (Austria)"]
[Date "2004.07.13"]
[Round "4"]
[White "Kropik Martin (AUT)"]
[Black "Heyken Enno (GER)"]
[Result "0-1"]
[WhiteElo "2131"]
[BlackElo "2331"]

1.d4 Nf6 2.c4 e6 3.Nc3 Bb4 4.Bg5 h6 5.Bh4 c5 6.d5 d6 7.Nf3 Bxc3+ 8.bxc3 e5
9.e3 Bf5 10.Nd2 g5 11.Bg3 Qe7 12.Be2 Nbd7 13.f3 e4 14.f4 O-O-O 15.Qa4 Kb8
16.Nb3 Ng4 17.Bxg4 Bxg4 18.Na5 Nb6 19.Qb3 Ka8 20.Rb1 Qc7 21.O-O Rd7 22.fxg5
hxg5 23.Rf6 Be2 24.a4 Bd3 25.Rb2 Rb8 26.Rh6 Nc8 {#R} 0-1

[Event "It (open)"]
[Site "masterchessopen.com Port Erin (England)"]
[Date "2004.09.26"]
[Round "2"]
[White "Mcphillips Karl (IRL)"]
[Black "Chandler Murray G (ENG)"]
[Result "0-1"]
[WhiteElo "2228"]
[BlackElo "2531"]

1.d4 Nf6 2.c4 e6 3.Nc3 Bb4 4.Bg5 c5 5.d5 h6 6.Bh4 d6 7.e3 Bxc3+ 8.bxc3 e5
9.Bd3 e4 10.Bc2 Qe7 11.Bxf6 Qxf6 12.Ne2 Qe5 13.Kd2 Nd7 14.Ba4 O-O 15.Bxd7 Bxd7
16.a4 b6 17.Qc2 Rfe8 18.h3 Bc8 19.Qa2 Ba6 20.Rab1 Qf6 21.Rbf1 Re5 22.h4 Rae8
23.Nf4 Rf5 24.Kc2 Rxf4 25.exf4 e3 26.Re1 Qxf4 27.fxe3 Qe4+ 28.Kc1 Bxc4 29.Qc2
Bd3 30.Qd2 c4 31.Rh3 Qxd5 32.e4 Qa5 33.Rxd3 cxd3 34.Qxd3 Qxa4 35.Qxd6 Qa1+
36.Kd2 Qb2+ 37.Kd3 Qxg2 38.Qd7 Re6 39.Qxa7 Qg3+ 40.Re3 Qxh4 {#R} 0-1

[Event "It (open)"]
[Site "masterchessopen.com Port Erin (England)"]
[Date "2004.09.30"]
[Round "6"]
[White "Mcphillips Karl (IRL)"]
[Black "Li Ruofan (SIN)"]
[Result "1-0"]
[WhiteElo "2228"]
[BlackElo "2414"]

1.d4 Nf6 2.c4 e6 3.Nc3 Bb4 4.Bg5 h6 5.Bh4 c5 6.d5 d6 7.e3 Bxc3+ 8.bxc3 Qe7
9.dxe6 Bxe6 10.Bd3 Nc6 11.Nf3 g5 12.Bg3 Nh5 13.Nd2 Nxg3 14.hxg3 O-O-O 15.Be4
d5 16.cxd5 Bxd5 17.Bxd5 Rxd5 18.Qb3 Rd7 19.Nc4 h5 20.Rd1 h4 21.gxh4 gxh4
22.Rxd7 Qxd7 23.O-O Kb8 24.Rd1 Qe7 25.Nd6 Rd8 26.Nf5 Qe4 27.Nd6 Qe7 28.Nf5 Qe4
29.Rxd8+ Nxd8 30.Qd1 Qxf5 31.Qxd8+ Qc8 32.Qxh4 Qe6 33.Qd8+ Qc8 34.Qxc8+ Kxc8
35.c4 a6 36.a4 Kc7 37.g4 b5 38.cxb5 axb5 39.axb5 Kb6 40.Kf1 Kxb5 41.Ke2 Kb4
42.Kd2 Kb3 43.Kc1 Kc3 44.g5 Kd3 45.f4 {#r} 1-0

[Event "It (open)"]
[Site "masterchessopen.com Port Erin (England)"]
[Date "2004.10.01"]
[Round "7"]
[White "Fraser-Mitchell J M Dr (ENG)"]
[Black "Allen Keith (IRL)"]
[Result "1-0"]
[WhiteElo "2082"]
[BlackElo "2241"]

1.d4 Nf6 2.c4 e6 3.Nc3 Bb4 4.Bg5 h6 5.Bh4 c5 6.d5 d6 7.e3 Bxc3+ 8.bxc3 e5
9.Bd3 e4 10.Bc2 Qe7 11.Bxf6 Qxf6 12.Ne2 Qe5 13.Qb1 f5 14.Ba4+ Kd8 15.Kd2 Na6
16.Nf4 Rg8 17.h4 g6 18.a3 Nc7 19.Ra2 Rb8 20.Rb2 Ne8 21.Bc6 Rg7 22.a4 g5
23.hxg5 hxg5 24.Rh8 bxc6 25.Ne6+ Bxe6 26.Rxe8+ Kxe8 27.Rxb8+ Kf7 28.dxe6+ Qxe6
29.Qb7+ Kf6 30.Qxc6 Ke5 31.Rd8 Re7 32.a5 f4 33.a6 g4 34.exf4+ Kxf4 35.Qxd6+
Qxd6+ 36.Rxd6 g3 37.fxg3+ Kxg3 38.Ke3 Kxg2 39.Rc6 Kg3 40.Rxc5 Re6 41.Rg5+ Kh4
42.Rg7 {#r} 1-0

[Event "Ch World (juniors) (under 18)"]
[Site "masterchessopen.com Heraklio (Greece)"]
[Date "2004.11.06"]
[Round "4"]
[White "Kharitonov Alexandr (RUS)"]
[Black "Khamzin Olzhas (KAZ)"]
[Result "1-0"]
[WhiteElo "2464"]
[BlackElo "2314"]

1.d4 Nf6 2.c4 e6 3.Nc3 Bb4 4.Bg5 h6 5.Bh4 c5 6.d5 d6 7.e3 O-O 8.Bd3 exd5
9.cxd5 Nbd7 10.Ne2 Ne5 11.Bc2 Ng6 12.Bg3 Nh5 13.Qd3 f5 14.f4 Re8 15.O-O-O Nxg3
16.Nxg3 Nh4 17.e4 Bxc3 18.Qxc3 fxe4 19.Bxe4 Bg4 20.Rde1 Rf8 21.h3 Bf5 22.Nh5
Qd7 23.g4 Bxe4 24.Rxe4 Ng6 25.Rhe1 Rf7 26.Re6 Nf8 27.f5 Qd8 28.f6 g6 29.Re7
gxh5 30.Rxf7 Kxf7 31.Re7+ Kg8 32.Qe3 {#r} 1-0

[Event "Ch Iceland (team) 2004/05"]
[Site "masterchessopen.com Reykjavik (Iceland)"]
[Date "2004.11.19"]
[Round "1"]
[White "Eiriksson Sigurdur (ISL)"]
[Black "Halldorsson Halldor (ISL)"]
[Result "0-1"]
[WhiteElo "2018"]
[BlackElo "2239"]

1.d4 Nf6 2.c4 e6 3.Nc3 Bb4 4.Bg5 h6 5.Bh4 c5 6.d5 d6 7.e3 Bxc3+ 8.bxc3 e5
9.Bd3 Qe7 10.Ne2 g5 11.Bg3 Nbd7 12.O-O e4 13.Bc2 Ne5 14.Qb1 O-O 15.Bxe5 Qxe5
16.Qe1 h5 17.Qd2 b6 18.f4 exf3 19.Rxf3 Ng4 20.g3 Re8 21.e4 Qg7 22.Raf1 Ne5
23.Rf6 Nxc4 24.Qd3 Ne5 25.Qd1 Bh3 26.Rxd6 Bxf1 27.Qxf1 Ng4 28.Qf3 Qe5 29.Rc6
Kg7 30.Kh1 Rad8 31.h3 Nf6 32.Kg2 Nxe4 33.Qxh5 Nf6 {#R} 0-1